La Linea Del Sangue Del Santo Graal La storia segreta dei descendenti del graal

محفوظ في:
التفاصيل البيبلوغرافية
المؤلف الرئيسي: Laurence Gardner
التنسيق: كتاب
اللغة:لغة غير معروفة
منشور في: Newton Comton Editori
الوسوم: إضافة وسم
لا توجد وسوم, كن أول من يضع وسما على هذه التسجيلة!

MARC

LEADER 00000nam a2200000Ia 4500
001 R-32
003 CODICE-MESSINA
005 20260212102445.0
008 260211s9999 xx 000 0 und d
040 |c importazione_messina 
100 |a Laurence Gardner 
245 0 |a La Linea Del Sangue Del Santo Graal 
245 0 |b La storia segreta dei descendenti del graal 
260 |b Newton Comton Editori 
942 |2 ddc  |c BK 
952 |0 0  |1 0  |2 ddc  |4 0  |6 SCAFFALE_1_000000000000000__RELIGIONE  |7 0  |9 30843  |a ME  |b ME  |d 2026-02-11  |l 0  |o SCAFFALE 1 - RELIGIONE  |p R-32  |r 2026-02-11 23:52:10  |w 2026-02-11  |x [REVISIONARE]  |y BK 
999 |c 26510  |d 26510